Price theory and applications / (Record no. 3780)

000 -LEADER
fixed length control field 01036pam a2200277 a 4500
001 - CONTROL NUMBER
control field 2997973
003 - CONTROL NUMBER IDENTIFIER
control field Nust
005 - DATE AND TIME OF LATEST TRANSACTION
control field 20180117090013.0
008 - FIXED-LENGTH DATA ELEMENTS--GENERAL INFORMATION
fixed length control field 930917s1995 nyua b 001 0 eng
010 ## - LIBRARY OF CONGRESS CONTROL NUMBER
LC control number 93036667
020 ## - INTERNATIONAL STANDARD BOOK NUMBER
International Standard Book Number 0070487413 (acidfree paper)
040 ## - CATALOGING SOURCE
Original cataloging agency DLC
Transcribing agency DLC
Modifying agency DLC
050 00 - LIBRARY OF CONGRESS CALL NUMBER
Classification number HB172
Item number .P26 1995
082 00 - DEWEY DECIMAL CLASSIFICATION NUMBER
Classification number 338.5/2
Edition number 20
100 1# - MAIN ENTRY--PERSONAL NAME
Personal name Pashigian, B. Peter
Fuller form of name (Bedros Peter)
245 10 - TITLE STATEMENT
Title Price theory and applications /
Statement of responsibility, etc. B. Peter Pashigian.
260 ## - PUBLICATION, DISTRIBUTION, ETC.
Place of publication, distribution, etc. New York :
Name of publisher, distributor, etc. McGraw-Hill,
Date of publication, distribution, etc. c1995.
300 ## - PHYSICAL DESCRIPTION
Extent xxiii, 760 p. :
Other physical details col. ill. ;
Dimensions 25 cm.
504 ## - BIBLIOGRAPHY, ETC. NOTE
Bibliography, etc. note Includes bibliographical references and index.
650 #0 - SUBJECT ADDED ENTRY--TOPICAL TERM
Topical term or geographic name entry element Microeconomics.
650 #0 - SUBJECT ADDED ENTRY--TOPICAL TERM
Topical term or geographic name entry element Prices.
906 ## - LOCAL DATA ELEMENT F, LDF (RLIN)
a 7
b cbc
c orignew
d 1
e ocip
f 19
g y-gencatlg
942 ## - ADDED ENTRY ELEMENTS (KOHA)
Source of classification or shelving scheme
Koha item type Book
Holdings
Withdrawn status Lost status Source of classification or shelving scheme Damaged status Not for loan Collection code Permanent Location Current Location Shelving location Date acquired Total Checkouts Full call number Barcode Date last seen Price effective from Koha item type
            Central Library (CL) Central Library (CL) General Stacks 12/06/2016   338.5/2 PAS S3H-N-1194 12/06/2016 12/06/2016 Book
© 2023 Central Library, National University of Sciences and Technology. All Rights Reserved.